| 000 | 00373nam a22001571a 4500 | ||
|---|---|---|---|
| 020 | _a9788126715299 | ||
| 082 |
_aH3 _bALK/E |
||
| 100 | _aAlka Saraogi | ||
| 245 |
_aEk break ke baad/ _cby Alka Saraogi |
||
| 260 |
_aNew Delhi: _bRajkamal, _c2008. |
||
| 300 | _a215p. | ||
| 650 | _aNovel Hindi | ||
| 650 | _aLiterature Hindi | ||
| 650 | _aLiterature Hindi | ||
| 942 | _cBK | ||
| 999 |
_c12109 _d12109 |
||